[Event "Match"]
[Site "www.echecsemail.com"]
[Date "2019.07.25"]
[Round "1"]
[White "Comrade"]
[Black "Galiany17"]
[WhiteElo "2300"]
[BlackElo "1799"]
[Result "1/2-1/2"]
[Round "1"]
1.c4 e5
2.Nb1c3 Bf8b4
3.Nc3d5 Bb4c5
4.e3 Ng8f6
5.d4 Nf6xd5
6.dxc5 Nd5f6
7.Ng1e2 Nb8a6
8.Ne2c3 Na6xc5
9.b4 Nc5e6
10.Bf1d3 a5
11.b5 d6
12.Bc1a3 O-O
13.O-O b6
14.Qd1c2 g6
15.Ra1d1 Qd8e7
16.e4 Nf6d7
17.Nc3d5 Qe7d8
18.Ba3b2 Bc8b7
19.Bd3e2 Bb7xd5
20.cxd5 Ne6c5
21.f4 Qd8h4
22.g3 Qh4e7
23.Be2d3 Nc5xd3
24.Rd1xd3 exf4
25.Rf1xf4 Qe7d8
26.Rd3f3 f6
27.g4 Nd7e5
28.Rf3g3 a4
29.Bb2xe5 dxe5
30.Rf4f2 Qd8d7
31.Qc2c4 Rf8f7
32.h3 Kg7
33.Rg3a3 Ra8h8
34.Ra3xa4 h5
35.Rf2g2 hxg4
36.hxg4 Rh8h3
37.Ra4a8 Rh3h4
38.Qc4e2 Qd7d6
39.Rg2h2 Qd6c5
40.Kg2 Rf7f8
41.Ra8xf8 Rh4xh2
42.Kxh2 Kxf8
43.Qe2f3 Kg7
{ draw }
1/2-1/2

[Event "Tourn. n10162"]
[Site "www.echecsemail.com"]
[Date "2019.07.26"]
[Round "1"]
[White "Fantomas"]
[Black "Jerome"]
[WhiteElo "2230"]
[BlackElo "2369"]
[Result "0-1"]
[Round "1"]
1.c4 Ng8f6
2.Nb1c3 g6
3.e3 Bf8g7
4.d4 d5
5.Ng1f3 O-O
6.h3 c5
7.dxc5 Qd8a5
8.Nf3d4 dxc4
9.Bf1xc4 Qa5xc5
10.Bc4e2 Rf8d8
11.Qd1b3 e5
12.Nd4f3 e4
13.Nf3d2 Qc5g5
14.Rh1g1 Nb8c6
15.Qb3b5 Nc6e5
16.Kf1 Bc8d7
17.Nd2xe4 Nf6xe4
18.Nc3xe4 Bd7xb5
19.Ne4xg5 Rd8d1
{ resign }
0-1

[Event "Tourn. n10079"]
[Site "www.echecsemail.com"]
[Date "2019.07.26"]
[Round "1"]
[White "Jose"]
[Black "Pdebonis"]
[WhiteElo "2820"]
[BlackElo "2700"]
[Result "1-0"]
[Round "1"]
1.e4 c5
2.Ng1f3 d6
3.d4 cxd4
4.Nf3xd4 Ng8f6
5.Nb1c3 a6
6.Bc1g5 e6
7.f4 b5
8.e5 dxe5
9.fxe5 Qd8c7
10.exf6 Qc7e5
11.Bf1e2 Qe5xg5
12.O-O Ra8a7
13.Qd1d3 Ra7d7
14.Nc3e4 Qg5e5
15.Nd4f3 Qe5xb2
16.Qd3e3 Bc8b7
17.Ra1b1 Qb2xa2
18.Kh1 Qa2d5
19.Be2d3 Qd5h5
20.Qe3f4 Bb7xe4
21.Rb1xb5 Bf8d6
22.Rb5xb8 Bd6xb8
23.Qf4xb8 Rd7d8
24.Qb8b4 gxf6
25.Qb4xe4 Rh8g8
26.Rf1b1 Kf8
27.h3 a5
28.Qe4f4 Kg7
29.Rb1b7 Rd8c8
30.Qf4g3 Kh8
31.Qg3f4 Kg7
32.Qf4e4 Rc8b8
33.Rb7a7 Kh8
34.Qe4f4 Kg7
35.Nf3d4 Rb8b1
36.Kh2 Rb1b6
37.g4 Qh5c5
38.Qf4e4 Qc5e5
39.Qe4xe5 fxe5
40.Nd4f3 e4
41.Bd3xe4 Rb6b5
42.h4 h6
43.Kg3 Rb5c5
44.g5 Rg8f8
45.Kf4 hxg5
46.Nf3xg5 Kh6
47.Be4d3 Rc5d5
48.Kg3 Rd5xg5
49.hxg5 Kxg5
50.Ra7xa5 f5
51.c4 Kf6
52.Kf2 Rf8h8
53.Ke3 Rh8h3
54.Kd2 Rh3g3
55.Ra5a8 Rg3g7
56.Kc3 Rg7c7
57.Ra8a6 { resign }
1-0

[Event "Tourn. n10029"]
[Site "www.echecsemail.com"]
[Date "2019.07.26"]
[Round "1"]
[White "Tartan"]
[Black "Stepanpech"]
[WhiteElo "2510"]
[BlackElo "2580"]
[Result "0-1"]
[Round "1"]
1.d4 d5
2.c4 c6
3.Ng1f3 Ng8f6
4.Nb1c3 e6
5.e3 Nb8d7
6.Bf1d3 dxc4
7.Bd3xc4 b5
8.Bc4d3 Bc8b7
9.O-O a6
10.e4 c5
11.d5 Qd8c7
12.dxe6 fxe6
13.Bd3c2 Bf8d6
14.Nf3g5 Nd7f8
15.f4 O-O-O
16.Qd1e2 h6
17.Ng5f3 Bd6xf4
18.e5 Bb7xf3
19.Qe2xf3 Bf4xe5
20.Qf3a8 Kd7
21.Qa8xa6 Be5xh2
22.Kh1 Ke7
23.Nc3xb5 Qc7e5
24.Qa6b7 Rd8d7
25.Qb7f3 Bh2g3
26.Bc1e3 Rd7d5
27.Nb5c3 Qe5h5
28.Qf3xh5 Rd5xh5
29.Kg1 Bg3h2
30.Kf2 Nf8d7
31.Bc2d1 Rh5e5
32.Bd1f3 Rh8f8
33.Ke2 Bh2f4
34.Nc3d1 Nd7b6
35.Ra1c1 Nb6d5
36.Bf3xd5 Nf6xd5
37.Rf1f3 Bf4xe3
{ resign }
0-1

[Event "Tourn. n10114"]
[Site "www.echecsemail.com"]
[Date "2019.07.26"]
[Round "1"]
[White "Wd40"]
[Black "Tartan"]
[WhiteElo "2450"]
[BlackElo "2460"]
[Result "1-0"]
[Round "1"]
1.e4 c5
2.Ng1f3 Nb8c6
3.d4 cxd4
4.Nf3xd4 e6
5.Nb1c3 a6
6.Nd4xc6 bxc6
7.e5 Qd8c7
8.f4 d5
9.exd6 Bf8xd6
10.Nc3e4 Bd6e7
11.Bf1d3 Ng8f6
12.O-O O-O
13.Qd1f3 Bc8b7
14.Bc1e3 Nf6d5
15.Be3c5 Be7xc5
16.Ne4xc5 Qc7e7
17.Nc5xb7 Qe7xb7
18.b3 Rf8d8
19.Rf1f2 Qb7b6
20.g4 Nd5b4
21.Bd3e4 Rd8d2
22.Kg2 Rd2d6
23.a3 Nb4d5
24.Ra1e1 Nd5f6
25.h3 Nf6xe4
26.Re1xe4 Ra8f8
27.f5 exf5
28.Re4e5 f6
29.Re5xf5 Rf8e8
30.g5 Re8e3
31.Qf3f4 Re3e6
32.gxf6 gxf6
33.Kh2 Kh8
34.Rf2g2 Qb6b7
35.Rf5g5 Qb7c8
36.Rg5g7 Rd6d7
37.Qf4g3 Re6e8
38.h4 Rd7e7
39.h5 Qc8e6
40.h6 f5
41.Rg7xe7 Qe6xh6
42.Kg1 { resign }
1-0

[Event "Tourn. n10166"]
[Site "www.echecsemail.com"]
[Date "2019.07.26"]
[Round "1"]
[White "Marbachess"]
[Black "Coolant"]
[WhiteElo "2540"]
[BlackElo "2370"]
[Result "1-0"]
[Round "1"]
1.f4 e5
2.fxe5 Nb8c6
3.Ng1f3 g5
4.h3 d6
5.e4 dxe5
6.Bf1b5 Bf8c5
7.c3 g4
8.hxg4 Bc8xg4
9.d3 Ng8e7
10.Bc1g5 Qd8d6
11.b4 Bc5b6
12.Nb1d2 O-O-O
13.Bb5xc6 bxc6
14.Nd2c4 Qd6e6
15.Rh1h6 Ne7g6
16.Bg5xd8 Rh8xd8
17.a4 a6
18.b5 cxb5
19.axb5 axb5
20.Ra1a8 Kd7
21.Nc4xe5 { resign }
1-0

[Event "Match"]
[Site "www.echecsemail.com"]
[Date "2019.07.26"]
[Round "1"]
[White "Aperturaf"]
[Black "Apdash"]
[WhiteElo "2720"]
[BlackElo "2220"]
[Result "1-0"]
[Round "1"]
1.e4 c5
2.Ng1f3 d6
3.d4 cxd4
4.Qd1xd4 Nb8c6
5.Bf1b5 a6
6.Bb5xc6 bxc6
7.O-O e5
8.Qd4d3 Qd8b6
9.Nb1a3 Bc8g4
10.Na3c4 Qb6c7
11.Rf1d1 Ra8d8
12.Bc1d2 Qc7b8
13.Nc4e3 Bg4xf3
14.gxf3 Qb8xb2
15.Bd2a5 Rd8a8
16.Ne3f5 Qb2b5
17.Nf5xd6 Bf8xd6
18.Qd3xd6 f6
19.Qd6e6 Ng8e7
20.Rd1d7 Qb5c5
21.Ra1d1 { resign }
1-0

[Event "Match"]
[Site "www.echecsemail.com"]
[Date "2019.07.26"]
[Round "1"]
[White "Guidom"]
[Black "Double2dutch"]
[WhiteElo "2050"]
[BlackElo "2089"]
[Result "0-1"]
[Round "1"]
1.e4 c5
2.Ng1f3 e6
3.Bf1e2 Nb8c6
4.d3 Ng8f6
5.O-O d5
6.Bc1g5 Bf8e7
7.Nb1d2 O-O
8.c3 d4
9.c4 e5
10.Bg5h4 Nf6e8
11.Bh4xe7 Qd8xe7
12.a3 f5
13.exf5 Bc8xf5
14.Nd2e4 Bf5xe4
15.dxe4 Ne8d6
16.Be2d3 a5
17.Nf3d2 Kh8
18.Qd1e2 Rf8f7
19.f3 Ra8f8
20.Ra1b1 g5
21.h3 Nd6e8
22.Rf1f2 Ne8g7
23.Rb1f1 Ng7h5
24.Nd2b3 Nh5g3
25.Qe2c2 Ng3xf1
26.Rf2xf1 b6
27.Nb3d2 Nc6d8
28.Rf1f2 Nd8e6
29.Nd2f1 h5
30.Nf1g3 g4
31.Ng3f5 Rf7xf5
32.exf5 Ne6f4
33.fxg4 hxg4
34.hxg4 Qe7h4
35.Bd3e4 Qh4xg4
36.Be4f3 Qg4xf5
37.Bf3e4 Qf5g5
38.Kf1 Qg5h5
39.Ke1 Qh5h4
40.Kd1 Qh4h1
41.Kd2 Qh1g1
42.Rf2e2 Nf4xe2
43.Kxe2 Rf8f2
{ resign }
0-1

[Event "Tourn. n10135"]
[Site "www.echecsemail.com"]
[Date "2019.07.27"]
[Round "1"]
[White "Picifarkinca"]
[Black "Jackbauer"]
[WhiteElo "1760"]
[BlackElo "1900"]
[Result "1-0"]
[Round "1"]
1.b3 d5
2.f4 Bc8g4
3.Bc1b2 e6
4.h3 Bg4f5
5.Ng1f3 Nb8c6
6.d3 Ng8e7
7.g4 Bf5g6
8.Bf1g2 Ne7c8
9.Nb1d2 Bf8e7
10.Bb2xg7 Rh8g8
11.Bg7b2 Nc8d6
12.Qd1c1 h5
13.Kf1 h4
14.c4 Qd8d7
15.cxd5 exd5
16.Nf3e5 Nc6xe5
17.fxe5 Nd6c8
18.Nd2f3 c6
19.Qc1e1 Rg8h8
20.e6 Qd7d6
21.exf7 Bg6xf7
22.Bb2xh8 Qd6h6
23.Bh8d4 Nc8d6
24.Qe1c1 Qh6h7
25.Qc1f4 O-O-O
26.Bd4xa7 Qh7g7
27.Ba7d4 Qg7f8
28.Nf3e5 Bf7e6
29.Qf4xf8 Rd8xf8
30.Bg2f3 Nd6b5
31.Bd4f2 Kc7
32.Kg2 Rf8g8
33.Rh1c1 Rg8g5
34.Bf2xh4 Rg5g7
35.Bh4xe7 Rg7xe7
36.a4 Nb5a7
37.d4 Kd6
38.b4 Na7c8
39.h4 Kc7
40.b5 { resign }
1-0

[Event "Tourn. n10129"]
[Site "www.echecsemail.com"]
[Date "2019.07.27"]
[Round "1"]
[White "Kevinking"]
[Black "Malbertan"]
[WhiteElo "1910"]
[BlackElo "2020"]
[Result "1-0"]
[Round "1"]
1.e4 e5
2.Ng1f3 Nb8c6
3.Bf1c4 Ng8f6
4.d3 Bf8c5
5.Nb1c3 O-O
6.O-O d6
7.h3 Bc8e6
8.Bc4b3 d5
9.Bc1g5 dxe4
10.Bg5xf6 Qd8xf6
11.Nc3xe4 Qf6e7
12.Ne4xc5 Qe7xc5
13.Bb3xe6 fxe6
14.Nf3g5 Ra8e8
15.c3 h6
16.Ng5e4 Qc5b6
17.Ra1b1 Nc6e7
18.g4 Ne7d5
19.Kh2 Nd5f4
20.Qd1d2 c6
21.Rb1d1 Qb6d8
22.Qd2e3 b6
23.Rf1e1 Nf4d5
24.Qe3g3 Nd5f4
25.Re1e3 Qd8e7
26.Kg1 Nf4d5
27.Re3e2 Nd5f4
28.Re2d2 Re8d8
29.Kh2 Rd8d7
30.d4 Rf8d8
31.dxe5 Nf4e2
32.Rd2xd7 Rd8xd7
33.Rd1xd7 Qe7xd7
34.Qg3e3 Qd7d1
35.f4 Qd1c2
36.Ne4d2 Ne2c1
37.Kg3 Qc2xb2
38.Nd2c4 Nc1e2
39.Kh4 Qb2xa2
40.Nc4d2 Ne2c1
41.Nd2e4 Nc1b3
42.Ne4d6 Qa2d2
43.Qe3e4 Qd2xc3
44.Qe4g6 Qc3e1
45.Kh5 Nb3c5
46.Qg6e8 Kh7
47.Qe8g6 Kg8
48.Qg6f7 Kh7
49.Nd6e8 { resign }
1-0

[Event "Match"]
[Site "www.echecsemail.com"]
[Date "2019.07.27"]
[Round "1"]
[White "Bjonil60"]
[Black "Pipas"]
[WhiteElo "1460"]
[BlackElo "1540"]
[Result "0-1"]
[Round "1"]
1.Nb1c3 e5
2.e4 Ng8f6
3.Qd1e2 d5
4.a3 dxe4
5.Nc3xe4 Bf8e7
6.Ne4c3 h6
7.Qe2xe5 Qd8d6
8.Qe5b5 Qd6c6
9.Nc3a4 O-O
10.Na4c3 Bc8e6
11.Ng1f3 a6
12.Qb5xc6 Nb8xc6
13.Bf1d3 Rf8e8
14.O-O Be6g4
15.h3 Bg4xf3
16.gxf3 Nc6e5
17.Bd3e2 Nf6h7
18.f4 Ne5g6
19.f5 Ng6h4
20.Kh1 Nh4xf5
21.Rf1g1 Nh7g5
22.Be2g4 Nf5d4
23.Rg1e1 Nd4xc2
24.h4 Nc2xe1
25.d4 Ng5f3
26.Bg4xf3 Ne1xf3
27.Kg2 Nf3xh4
28.Kh3 Nh4f5
29.Kg4 Nf5xd4
30.Bc1e3 Nd4c2
31.Ra1c1 Nc2xe3
32.fxe3 Be7g5
33.Kh5 g6
34.Kg4 f5
35.Kg3 Re8xe3
36.Kf2 f4
37.Nc3d5 Bg5h4
38.Kg2 Re3g3
39.Kh2 Ra8e8
40.Nd5xc7 Re8e2
41.Kh1 Re2xb2
42.Nc7e6 Rg3h3
43.Kg1 Rb2h2
44.Rc1c8 Kf7
45.Ne6xf4 Bh4f2
46.Kf1 Rh3xa3
47.Rc8c1 Rh2h1
48.Kxf2 Rh1xc1
49.Ke2 Rc1c2
50.Kd1 Rc2h2
51.Nf4e2 Rh2xe2
52.Kxe2 Ra3c3
{ resign }
0-1

[Event "Tourn. n10088"]
[Site "www.echecsemail.com"]
[Date "2019.07.27"]
[Round "1"]
[White "Dougbeer"]
[Black "Numanoid"]
[WhiteElo "2570"]
[BlackElo "2750"]
[Result "1/2-1/2"]
[Round "1"]
1.e4 e6
2.d4 d5
3.Nb1c3 Bf8b4
4.e5 b6
5.Qd1g4 Bb4f8
6.Bc1g5 Qd8d7
7.Ng1f3 h6
8.Bg5d2 Ng8e7
9.Bf1b5 c6
10.Bb5d3 Bc8a6
11.O-O Ba6xd3
12.cxd3 c5
13.dxc5 bxc5
14.Ra1c1 Ne7f5
15.Nf3h4 Nf5d4
16.f4 Nb8c6
17.f5 Nc6xe5
18.Qg4g3 Ne5c6
19.fxe6 Nd4xe6
20.Qg3f3 Bf8d6
21.Nh4f5 Bd6e5
22.Nc3xd5 Ne6d4
23.Qf3e4 O-O
24.Rc1xc5 Ra8e8
25.Kh1 Nd4xf5
26.Qe4xf5 Re8e6
27.Bd2c3 Qd7d6
28.Qf5f2 Be5xh2
29.b4 Bh2e5
30.d4 Be5g3
31.Qf2f3 Nc6e7
32.Nd5xe7 Re6xe7
33.Rc5c6 Qd6b8
34.d5 Bg3e5
35.d6 Re7e6
36.Bc3xe5 Re6xe5
37.Qf3f4 Qb8e8
38.Rc6c7 Re5e4
39.Qf4f5 Re4e1
{ draw }
1/2-1/2

[Event "Tourn. n10135"]
[Site "www.echecsemail.com"]
[Date "2019.07.27"]
[Round "1"]
[White "Jackbauer"]
[Black "Cal"]
[WhiteElo "1920"]
[BlackElo "1640"]
[Result "1-0"]
[Round "1"]
1.e4 e5
2.f4 exf4
3.Ng1f3 d6
4.h3 a6
5.d4 Qd8f6
6.Nb1c3 c6
7.Bf1e2 h6
8.d5 Bf8e7
9.a3 c5
10.Nc3a4 g5
11.Na4b6 Nb8d7
12.Nb6xa8 b5
13.c4 Be7d8
14.cxb5 a5
15.a4 Bc8b7
16.O-O Bb7xa8
17.Bc1d2 Ng8e7
18.Bd2c3 Ba8b7
19.Bc3xf6 Rh8g8
20.e5 dxe5
21.Bf6xe7 Bd8xe7
22.Be2c4 Nd7f6
23.Nf3xe5 Be7d6
24.Rf1e1 Kf8
25.Ne5g4 Rg8h8
26.Ng4xf6 Kg7
27.Nf6h5 Kg6
28.Bc4d3 f5
29.Re1e6 Kf7
30.Bd3xf5 Bd6e7
31.d6 Rh8e8
32.d7 Re8d8
33.Re6c6 c4
34.Qd1d5 Kf8
35.Ra1e1 Bb7xc6
36.Qd5xc6 Be7b4
37.Qc6f6 { resign }
1-0

[Event "Tourn. n10167"]
[Site "www.echecsemail.com"]
[Date "2019.07.27"]
[Round "1"]
[White "Galiany17"]
[Black "Libiesse"]
[WhiteElo "2089"]
[BlackElo "1890"]
[Result "1-0"]
[Round "1"]
1.e4 c5
2.Nb1c3 e6
3.f4 a6
4.g3 Nb8c6
5.Bf1g2 Qd8c7
6.Ng1f3 b5
7.O-O Bc8b7
8.d3 Ra8d8
9.a3 d6
10.Bc1e3 Ng8f6
11.f5 exf5
12.Nf3h4 fxe4
13.Rf1xf6 gxf6
14.Nc3d5 Qc7c8
15.Nd5xf6 Ke7
16.Qd1f1 Bf8g7
17.Nh4f5 Kf8
18.Nf5xg7 Kxg7
19.Nf6h5 Kg8
20.Qf1f6 { resign }
1-0

[Event "Tourn. n10163"]
[Site "www.echecsemail.com"]
[Date "2019.07.27"]
[Round "1"]
[White "Juantonio"]
[Black "Johnmcbride"]
[WhiteElo "1920"]
[BlackElo "1880"]
[Result "1-0"]
[Round "1"]
1.d4 d5
2.Bc1f4 e6
3.e3 h6
4.Ng1f3 f6
5.Bf4g3 a6
6.Bf1d3 Ng8e7
7.Nb1d2 Nb8c6
8.a3 g5
9.Qd1e2 Rh8g8
10.c4 dxc4
11.Bd3xc4 Nc6a5
12.Bc4d3 Ne7d5
13.Ra1c1 Bf8d6
14.Nd2c4 Na5xc4
15.Bd3xc4 Bd6xg3
16.hxg3 Rg8h8
17.Qe2d3 f5
18.Nf3e5 c6
19.Qd3e2 Qd8a5
20.Kf1 Nd5e7
21.Qe2h5 Kd8
22.Ne5f7 Kc7
23.Nf7xh8 Qa5d2
24.Qh5d1 Qd2xd1
25.Rc1xd1 Bc8d7
26.Rh1xh6 Kd6
27.Nh8f7 Kc7
28.Nf7e5 Kd6
29.Ne5xd7 Kxd7
30.Bc4xe6 Kc7
31.Rh6h7 Kd6
32.Be6b3 Ra8e8
33.Rh7h6 Kc7
34.f4 Ne7g8
35.Rh6e6 Re8xe6
36.Bb3xe6 Ng8e7
37.d5 Ne7xd5
38.Be6xd5 cxd5
39.Rd1xd5 gxf4
40.exf4 b5
41.Rd5xf5 Kb6
42.g4 { resign }
1-0

[Event "Tourn. n10094"]
[Site "www.echecsemail.com"]
[Date "2019.07.28"]
[Round "1"]
[White "Passaroa25"]
[Black "Ditto"]
[WhiteElo "1730"]
[BlackElo "1770"]
[Result "1/2-1/2"]
[Round "1"]
1.Nb1c3 d5
2.Ng1f3 Ng8f6
3.d4 Bc8g4
4.Bc1d2 e6
5.Nf3e5 Bg4f5
6.f3 Bf8e7
7.Ne5d3 Nb8c6
8.a3 Nc6xd4
9.e3 Nd4c6
10.Bf1e2 d4
11.Nc3a2 dxe3
12.Bd2xe3 Nf6d5
13.Be3d2 Qd8d6
14.Ra1b1 Be7h4
15.g3 Bh4f6
16.f4 Bf5e4
17.Rh1g1 Bf6d4
18.Nd3f2 Qd6c5
19.Nf2xe4 Qc5e7
20.Rg1g2 h6
21.c3 Bd4b6
22.Na2c1 O-O-O
23.Nc1d3 Rh8g8
24.Qd1c1 f5
25.Ne4f2 Rg8h8
26.Kd1 Nd5f6
27.Bd2e3 Bb6xe3
28.Qc1xe3 Qe7e8
29.Ke1 Nf6d5
30.Qe3d2 Nc6a5
31.Nd3e5 Na5b3
32.Qd2d1 Nb3c5
33.Qd1d2 Nc5b3
34.Qd2d3 Nd5xf4
35.gxf4 Rd8xd3
36.Be2xd3 Qe8h5
37.Rg2xg7 Qh5xh2
38.Ne5f3 Qh2xf4
39.Nf3d4 Qf4d2
40.Kf1 Qd2e3
41.Rb1e1 Nb3d2
42.Kg2 Qe3f3
43.Nd4xf3 Nd2b3
44.Re1xe6 Nb3c5
{ draw }
1/2-1/2

[Event "Tourn. n10140"]
[Site "www.echecsemail.com"]
[Date "2019.07.28"]
[Round "1"]
[White "Cal"]
[Black "Passaroa25"]
[WhiteElo "1610"]
[BlackElo "1770"]
[Result "1-0"]
[Round "1"]
1.c4 Ng8f6
2.Nb1c3 g6
3.Ng1f3 Bf8g7
4.e4 Nf6g4
5.h3 Ng4h6
6.d3 c6
7.Nf3g5 O-O
8.Bc1f4 e5
9.Bf4g3 Qd8xg5
10.Bf1e2 d6
11.O-O Nb8d7
12.b4 Qg5d8
13.f4 Qd8b6
14.Kh2 Qb6xb4
15.f5 Qb4xc3
16.fxg6 hxg6
17.Ra1b1 Qc3a3
18.Qd1c2 Nd7f6
19.Rb1b3 Qa3c5
20.a4 Bc8e6
21.Bg3f2 Qc5a5
22.Rb3xb7 c5
23.Bf2e1 Qa5a6
24.Qc2b3 Ra8b8
25.Rb7xb8 Qa6c6
26.Rb8xf8 Kxf8
27.Qb3b8 Nf6e8
28.Qb8xa7 Nh6g8
29.Be2g4 Be6xg4
30.hxg4 Ng8h6
31.g5 Nh6g4
32.Kg3 Ng4e3
33.Qa7xf7 
1-0

[Event "Tourn. n10161"]
[Site "www.echecsemail.com"]
[Date "2019.07.28"]
[Round "1"]
[White "Bgm9"]
[Black "Ditto"]
[WhiteElo "1910"]
[BlackElo "1880"]
[Result "1-0"]
[Round "1"]
1.d4 d5
2.c4 c6
3.Ng1f3 Bc8g4
4.e3 e6
5.a3 dxc4
6.Bf1xc4 Bf8d6
7.h3 Bg4f5
8.Nb1c3 Ng8f6
9.O-O Nb8d7
10.Bc4d3 Bf5xd3
11.Qd1xd3 Bd6c7
12.b4 Bc7b8
13.e4 Qd8c7
{ time. }
1-0

[Event "Tourn. n10170"]
[Site "www.echecsemail.com"]
[Date "2019.07.28"]
[Round "1"]
[White "Fantomas"]
[Black "Jerome"]
[WhiteElo "2200"]
[BlackElo "2420"]
[Result "0-1"]
[Round "1"]
1.e3 f5
2.d4 Ng8f6
3.Ng1f3 e6
4.Bf1e2 Bf8e7
5.O-O O-O
6.c4 d6
7.Nb1c3 Qd8e8
8.Qd1d3 Nb8c6
9.a3 e5
10.dxe5 dxe5
11.Nc3d5 e4
{ resign }
0-1

[Event "Tourn. n10168"]
[Site "www.echecsemail.com"]
[Date "2019.07.28"]
[Round "1"]
[White "Fantomas"]
[Black "Argento"]
[WhiteElo "2200"]
[BlackElo "2149"]
[Result "0-1"]
[Round "1"]
1.e4 e5
2.Ng1f3 Nb8c6
3.d4 exd4
4.Nf3xd4 Ng8f6
5.Nd4xc6 bxc6
6.Bf1d3 d5
7.e5 Nf6g4
8.Qd1e2 Bf8c5
9.O-O Qd8e7
10.Bc1f4 g5
11.Bf4g3 h5
12.h3 h4
13.Bg3h2 Ng4xh2
14.Kxh2 Bc5d4
15.c3 Qe7xe5
16.Qe2xe5 Bd4xe5
17.Kg1 Be5f4
18.Nb1a3 Ra8b8
19.Ra1b1 Bc8e6
20.b3 Kd7
21.c4 g4
22.cxd5 cxd5
23.hxg4 Be6xg4
24.f3 Bg4e6
25.Kf2 Bf4d6
26.Na3c2 Bd6c5
27.Nc2e3 Rb8g8
28.Rb1e1 f5
29.f4 Rg8g4
30.Kf3 Rg4g3
31.Kf2 Rh8g8
32.Rf1h1 Rg8g4
33.Rh1xh4 Rg3xg2
34.Kf1 Rg2g1
{ resign }
0-1

[Event "Tourn. n10176"]
[Site "www.echecsemail.com"]
[Date "2019.07.28"]
[Round "1"]
[White "Bojan"]
[Black "Apdash"]
[WhiteElo "2010"]
[BlackElo "2210"]
[Result "0-1"]
[Round "1"]
1.e4 c5
2.Ng1f3 Nb8c6
3.d4 cxd4
4.Nf3xd4 d6
5.Bc1e3 Ng8f6
6.f3 g6
7.c3 Bf8g7
8.Nb1a3 O-O
9.Na3c4 Nc6xd4
10.Be3xd4 b5
11.Nc4e3 e5
12.Ne3f5 gxf5
13.Bd4f2 fxe4
14.Bf1xb5 Bc8b7
15.fxe4 Bb7xe4
16.O-O a6
17.Bb5e2 Ra8b8
18.b3 Nf6d5
19.Qd1d2 Kh8
20.Be2xa6 Nd5f4
21.g3 Nf4h3
{ resign }
0-1

[Event "Tourn. n10176"]
[Site "www.echecsemail.com"]
[Date "2019.07.28"]
[Round "1"]
[White "Galiany17"]
[Black "Orhany24"]
[WhiteElo "2350"]
[BlackElo "2180"]
[Result "1-0"]
[Round "1"]
1.d4 d5
2.c4 dxc4
3.Ng1f3 c5
4.e3 cxd4
5.Bf1xc4 Nb8c6
6.exd4 Ng8f6
7.O-O e6
8.Nb1c3 a6
9.d5 Nc6a5
10.dxe6 Bc8xe6
11.Bc4xe6 fxe6
12.Qd1e2 { resign }
1-0

[Event "Tourn. n10184"]
[Site "www.echecsemail.com"]
[Date "2019.07.28"]
[Round "1"]
[White "Fantomas"]
[Black "Add"]
[WhiteElo "2130"]
[BlackElo "2070"]
[Result "1-0"]
[Round "1"]
1.e4 e5
2.Ng1f3 Nb8c6
3.Bf1b5 Ng8f6
4.d3 Bf8c5
5.O-O d6
6.h3 h6
7.c3 a6
8.Bb5a4 Bc8d7
9.Ba4c2 Qd8e7
10.Rf1e1 Bd7e6
11.d4 exd4
12.cxd4 Bc5b4
13.Nb1c3 Nc6a7
14.a3 Bb4xc3
15.bxc3 O-O
16.Qd1d3 { resign }
1-0

[Event "Tourn. n10088"]
[Site "www.echecsemail.com"]
[Date "2019.07.28"]
[Round "1"]
[White "Rons"]
[Black "Numanoid"]
[WhiteElo "2680"]
[BlackElo "2750"]
[Result "1/2-1/2"]
[Round "1"]
1.e4 e6
2.d4 d5
3.Nb1c3 Bf8b4
4.e5 b6
5.a3 Bb4f8
6.Ng1f3 Ng8e7
7.Bf1d3 Bc8a6
8.Nc3b5 Ne7f5
9.g4 Nf5e7
10.Qd1d2 Qd8d7
11.Qd2e2 Ba6b7
12.Bc1e3 a6
13.Nb5c3 Qd7c8
14.b4 c5
15.dxc5 bxc5
16.bxc5 Nb8d7
17.Ra1b1 Ne7g6
18.O-O Bf8e7
19.Nc3a4 Qc8c6
20.Rb1b4 d4
21.Rb4xb7 Qc6xb7
22.Be3xd4 Ng6f4
23.Qe2e4 Qb7xe4
24.Bd3xe4 Ra8c8
25.Na4b6 Nf4e2
26.Kg2 Rc8c7
27.Nb6xd7 Ne2xd4
28.Nf3xd4 Kxd7
29.c6 Kc8
30.Rf1b1 Rh8d8
31.c3 Be7c5
32.Nd4b3 Bc5a7
33.f4 h5
34.h3 hxg4
35.hxg4 f6
36.f5 fxe5
37.fxe6 Rc7e7
38.Nb3a5 Rd8d2
39.Kg3 Rd2e2
40.Na5c4 Re2xe4
41.Nc4d6 Kc7
42.Nd6xe4 Kxc6
43.Ne4g5 Ba7e3
44.Ng5f7 Kc5
45.Kf3 Be3d2
46.Ke4 Re7xe6
47.Rb1b7 Bd2xc3
48.Nf7g5 Re6g6
{ draw }
1/2-1/2

[Event "Tourn. n10099"]
[Site "www.echecsemail.com"]
[Date "2019.07.28"]
[Round "1"]
[White "Numanoid"]
[Black "Drawlward"]
[WhiteElo "2780"]
[BlackElo "2700"]
[Result "1/2-1/2"]
[Round "1"]
1.d4 Ng8f6
2.c4 g6
3.Nb1c3 d5
4.Ng1f3 Bf8g7
5.h4 dxc4
6.e4 c5
7.d5 b5
8.h5 O-O
9.hxg6 fxg6
10.d6 e6
11.Nc3xb5 Qd8a5
12.Nb5c3 Nf6xe4
13.Bc1d2 Ne4xd2
14.Qd1xd2 Nb8c6
15.Bf1xc4 Nc6d4
16.Nf3g5 h6
17.Ng5e4 Bc8b7
18.Ra1d1 Rf8f7
19.Kf1 Ra8f8
20.Kg1 Rf7f5
21.Rh1h4 Qa5d8
22.Rh4g4 Bb7d5
23.Bc4d3 g5
24.Qd2e3 Rf5e5
25.Qe3h3 a5
26.Ne4g3 Qd8xd6
27.Ng3h5 Nd4f5
28.Nh5xg7 Kxg7
29.Bd3b1 Qd6c7
30.f4 Re5e3
31.Qh3h5 Qc7f7
32.Qh5xf7 Rf8xf7
33.Kf2 Bd5c6
34.Rd1d8 Re3xc3
35.bxc3 Rf7b7
36.Bb1xf5 { draw }
1/2-1/2

[Event "Match"]
[Site "www.echecsemail.com"]
[Date "2019.07.28"]
[Round "1"]
[White "Chessdna"]
[Black "Sonny1000"]
[WhiteElo "1620"]
[BlackElo "1560"]
[Result "1-0"]
[Round "1"]
1.e4 e5
2.Ng1f3 f6
3.Bf1c4 Ng8e7
4.O-O g5
5.d4 Ne7c6
6.dxe5 Nc6xe5
7.Nf3xe5 fxe5
8.Qd1h5 Ke7
9.Bc1xg5 Kd6
10.Bg5xd8 Nb8c6
11.Rf1d1 Nc6d4
12.Bd8f6 Kc5
13.Qh5xe5 Kxc4
14.Rd1xd4 { resign }
1-0

[Event "Tourn. n10158"]
[Site "www.echecsemail.com"]
[Date "2019.07.28"]
[Round "1"]
[White "Apdash"]
[Black "Sorim"]
[WhiteElo "2200"]
[BlackElo "2230"]
[Result "0-1"]
[Round "1"]
1.e4 e5
2.Ng1f3 Nb8c6
3.d4 exd4
4.Nf3xd4 Ng8f6
5.Nd4xc6 dxc6
6.Qd1xd8 Kxd8
7.Bc1g5 Bf8e7
8.Bg5xf6 Be7xf6
9.c3 Bc8e6
10.Nb1d2 Ke7
11.f4 g6
12.Bf1e2 Rh8d8
13.Be2c4 Be6xc4
14.Nd2xc4 Rd8d7
15.Ke2 Ra8d8
16.Rh1d1 Rd7xd1
17.Ra1xd1 Rd8xd1
18.Kxd1 Ke6
19.Ke2 h5
20.Nc4a5 b6
21.Na5xc6 Kd7
22.Nc6d4 c5
23.Nd4b5 a6
24.Nb5a3 b5
25.Na3c2 Bf6g7
26.Kd3 f5
27.exf5 gxf5
28.b3 Bg7h6
29.g3 h4
30.Nc2e3 hxg3
31.hxg3 Ke6
32.b4 c4
33.Kd2 Bh6g7
34.Ne3d1 Kd5
35.Ke3 Bg7f6
36.Kf3 Bf6h8
37.Nd1e3 Ke6
38.Ne3d1 Kd5
39.g4 fxg4
40.Kxg4 Ke4
41.f5 Kd3
42.Kg5 Ke2
43.Nd1b2 Bh8xc3
44.f6 Bc3xb2
45.Kg6 Bb2xf6
46.Kxf6 c3
{ resign }
0-1

[Event "Fast Game"]
[Site "www.echecsemail.com"]
[Date "2019.07.28"]
[Round "1"]
[White "Esperanza"]
[Black "Comrade"]
[WhiteElo "1910"]
[BlackElo "2069"]
[Result "0-1"]
[Round "1"]
1.e4 c5
2.Ng1f3 Nb8c6
3.d4 cxd4
4.Nf3xd4 Ng8f6
5.Nb1c3 e5
6.Nd4f3 d6
7.Bf1c4 Bc8e6
8.Qd1e2 Bf8e7
9.Bc1g5 O-O
10.O-O Qd8c7
11.Bg5xf6 Be7xf6
12.Nc3d5 Be6xd5
13.Bc4xd5 { time. }
0-1

[Event "Tourn. n10155"]
[Site "www.echecsemail.com"]
[Date "2019.07.29"]
[Round "1"]
[White "Claudia"]
[Black "Bojan"]
[WhiteElo "2190"]
[BlackElo "2020"]
[Result "1-0"]
[Round "1"]
1.d4 d5
2.c4 e6
3.Nb1c3 Bc8d7
4.cxd5 exd5
5.Nc3xd5 Bd7b5
6.Nd5c3 Bf8b4
7.Ng1f3 c5
8.e3 Bb5xf1
9.Kxf1 Nb8d7
10.Bc1d2 c4
11.g3 Ng8f6
12.Kg2 a6
13.Rh1e1 b5
14.b3 cxb3
15.axb3 O-O
16.h3 Qd8c7
17.Ra1c1 Qc7b7
18.Kh2 Nd7b6
19.Nf3e5 Bb4d6
20.Ne5g4 Nf6e4
21.Nc3xe4 Bd6e7
22.Ne4c5 Qb7d5
23.Bd2a5 Nb6d7
24.Nc5xd7 Qd5xd7
25.Ng4e5 Qd7d5
26.Ne5d3 Be7d6
27.Ba5b4 Rf8d8
28.Bb4xd6 Rd8xd6
29.Rc1c5 Qd5e6
30.Qd1f3 Ra8b8
31.b4 h6
32.Re1c1 g6
33.Nd3e5 Rb8b7
34.Qf3xb7 g5
35.Rc5c6 { resign }
1-0

[Event "Tourn. n10175"]
[Site "www.echecsemail.com"]
[Date "2019.07.29"]
[Round "1"]
[White "Passaroa25"]
[Black "Galiany17"]
[WhiteElo "1710"]
[BlackElo "1799"]
[Result "0-1"]
[Round "1"]
1.Nb1c3 d5
2.e4 d4
3.Nc3d5 c6
4.Nd5b4 e5
5.d3 Bf8xb4
6.Bc1d2 Bb4xd2
7.Qd1xd2 c5
8.Ng1e2 Ng8f6
9.f3 Qd8b6
10.O-O-O O-O
11.Ne2g3 Nb8c6
12.a3 Qb6a6
13.Bf1e2 b5
14.h3 b4
15.c4 bxc3
16.Qd2c2 Ra8b8
17.Qc2b1 cxb2
18.Kc2 Qa6a4
19.Kd2 Qa4a5
20.Kc2 Qa5c3

0-1

[Event "Tourn. n10169"]
[Site "www.echecsemail.com"]
[Date "2019.07.29"]
[Round "1"]
[White "Galiany17"]
[Black "Libiesse"]
[WhiteElo "1799"]
[BlackElo "1890"]
[Result "1-0"]
[Round "1"]
1.e4 c5
2.c3 e6
3.d4 d5
4.exd5 cxd4
5.Bf1b5 Bc8d7
6.dxe6 Bd7xb5
7.exf7 Kxf7
8.Qd1b3 Ke8
9.Qb3xb5 Qd8d7
10.Qb5b3 dxc3
11.Nb1xc3 Nb8a6
12.Bc1e3 Na6c5
13.Be3xc5 Bf8xc5
14.Ng1f3 Ng8f6
15.O-O a5
16.Nf3g5 Rh8f8
17.Ra1d1 Qd7f5
18.Rf1e1 Bc5e7
19.Qb3xb7 { resign }
1-0

[Event "Match"]
[Site "www.echecsemail.com"]
[Date "2019.07.29"]
[Round "1"]
[White "Karlgrocer"]
[Black "Gambitmiau"]
[WhiteElo "1930"]
[BlackElo "1850"]
[Result "0-1"]
[Round "1"]
1.d4 d5
2.e3 a6
3.Ng1f3 Bc8g4
4.Bf1e2 Nb8c6
5.O-O Bg4xf3
6.Be2xf3 e5
7.dxe5 Nc6xe5
8.Bf3xd5 c6
9.Bd5b3 Bf8e7
10.Nb1d2 Ng8f6
11.c3 O-O
12.Nd2c4 Ne5xc4
13.Bb3xc4 b5
14.Bc4e2 Ra8a7
15.Be2f3 c5
16.Qd1c2 Ra7d7
17.a3 Nf6d5
18.b4 Rf8e8
19.Bc1b2 Be7g5
20.Bf3xd5 Rd7xd5
21.bxc5 Rd5xc5
22.Qc2b3 Rc5d5
23.c4 bxc4
24.Qb3xc4 Re8e4
25.Qc4xe4 f5
26.Qe4c4 Kf8
27.Bb2d4 a5
28.Qc4c3 Rd5d7
29.f4 Bg5h6
 { time }
0-1